| 000 | 01012nam a2200277 a 4500 | ||
|---|---|---|---|
| 001 | 000028438 | ||
| 003 | DO-SdBNP | ||
| 005 | 20240306073904.0 | ||
| 007 | ta | ||
| 008 | 110408s1988 dr a 000 0 spa d | ||
| 040 |
_aDO-SdBNP _bspa _cBNPHU |
||
| 082 | 4 |
_a972.93693 _bB333h, 1988 _222 |
|
| 100 | 1 |
_aBatista García, Francisco A. _946060 |
|
| 245 | 1 | 0 |
_aHistoria de Bonao / _cFrancisco A. Batista García ; prólogo Vetilio Alfau Durán |
| 250 | _a2a ed. | ||
| 260 |
_aSanto Domingo : _bAmigo del Hogar, _c1988. |
||
| 300 |
_a368 p. : _bil. ; _c24 cm. |
||
| 500 | _aIncluye referencias bibliográficas y notas al pie de las págianas. | ||
| 590 | _aInventariado, 2023/BT | ||
| 650 | 4 |
_aCiudades y pueblos _zRepública Dominicana _9784 |
|
| 651 | 4 |
_aBonao (La Vega, República Dominicana) _919645 |
|
| 651 | 4 |
_aBonao (La Vega, República Dominicana) _919645 |
|
| 651 | 4 |
_aBonao (La Vega, República Dominicana) _919645 |
|
| 700 | 1 |
_aAlfau Durán, Vetilio, _d1909-1985 _epról. _910091 |
|
| 942 |
_2ddc _cLBS1 |
||
| 999 |
_c27930 _d27930 |
||